000
00360nam a2200145Ia 4500
008
231129s2012||||xx |||||||||||||| ||spa||
020
_a
978-84-15163-49-7. -
040
_b
spa
082
_a
741.5 J39a
100
_a
Jason seudónimo
245
0
_a
Athos en América
260
_c
2012
264
_a
Delfín
942
_2
ddc
_c
BKS
999
_c
5765
_d
5765